01178nam a2200193Ia 4500001001100000003001000011008004100021040002500062041001300087100004200100245005000142250001100192260008500203300002700288500026200315501011400577520026200691650003100953L239-11084IT-CnALBA170116s9999||||xx |||||||||||||| ||und|| aIT-CnALBAcIT-CnALBA aITALIANO aBONOMELLI GEREMIA, VESCOVO DI CREMONA 0aCONFERENZE VITALI. EDITE E INEDITE. VOL. II.  a1a ed. aMILANObDAVERIO GIOVANNI EDITORE c1919 [1° Ed.:1919 - Ed.Ling.Originale: 1919] a236 p. (prefazione: 5) aCATECHISMO. ANTONIO MARIA ZACCARIA. CRISTOFORO COLOMBO. POTENZA DELLA STAMPA, DEL GIORNALISMO. GIORNALISMO CORRETTO. REO. IRRELIGIOSO. ABBANDONO DELLA STAMPA CATTIVA. DOTTRINA DELLA CHIESA. DECALOGO DELLE ACCUSE. SOCIALISMO. PROPRIETÀ. CAPITALE. LAVORO. D aSocietà San Paolo EM - Piazza San Paolo, 14 - 12051 ALBA (CN) (non commercial uses only) ® Copyright 2017 aCATECHISMO. ANTONIO MARIA ZACCARIA. CRISTOFORO COLOMBO. POTENZA DELLA STAMPA, DEL GIORNALISMO. GIORNALISMO CORRETTO. REO. IRRELIGIOSO. ABBANDONO DELLA STAMPA CATTIVA. DOTTRINA DELLA CHIESA. DECALOGO DELLE ACCUSE. SOCIALISMO. PROPRIETÀ. CAPITALE. LAVORO. D aAPOLOGETICA E CONTROVERSIE